Giáo trình marketing du lịch
Quản trị marketing vừa là khoa học vừa là nghệ thuật vừa là một nghề. Đối với các doanh nghiệp du lịch và khách sạn cũng như các điểm đến du lịch marketing càng trở nên quan trọng hơn. Nội dung tài liệu nhằm củng cố các kiến thức marketing...
Guardado en:
| Autor principal: | |
|---|---|
| Otros Autores: | |
| Formato: | Libro |
| Lenguaje: | Vietnamese |
| Publicado: |
H.
Đại học Kinh tế Quốc dân
2008
|
| Materias: | |
| Etiquetas: |
Agregar Etiqueta
Sin Etiquetas, Sea el primero en etiquetar este registro!
|
| Thư viện lưu trữ: | Thư viện Trường Đại học Nam Cần Thơ |
|---|
| LEADER | 01434nam a22002057a 4500 | ||
|---|---|---|---|
| 001 | NCT_4_002320 | ||
| 008 | 231222b xxu||||| |||| 00| 0 vie d | ||
| 999 | |c 7979 |d 7979 | ||
| 020 | |c 53000 | ||
| 082 | 0 | 4 | |2 23rd ed. |a 338.4 |b M107 |
| 100 | 1 | |a Nguyễn Văn Mạnh |e Đồng Chủ biên | |
| 245 | 1 | 0 | |a Giáo trình marketing du lịch |c Nguyễn Văn Mạnh, Nguyễn Đình Hòa (Đồng Chủ biên) |
| 260 | |a H. |b Đại học Kinh tế Quốc dân |c 2008 | ||
| 300 | |a 439tr. |c 21 cm | ||
| 520 | 3 | |a Quản trị marketing vừa là khoa học vừa là nghệ thuật vừa là một nghề. Đối với các doanh nghiệp du lịch và khách sạn cũng như các điểm đến du lịch marketing càng trở nên quan trọng hơn. Nội dung tài liệu nhằm củng cố các kiến thức marketing căn bản; hình thành các kỹ năng quản trị marketing, nghiên cứu marketing, lập kế hoạch marketing và thực hiện các hoạt động marketing... | |
| 653 | |a Quản trị Dịch vụ Du lịch và Lữ hành | ||
| 700 | 1 | |a Nguyễn Đình Hòa |e Đồng Chủ biên | |
| 942 | |2 ddc |c BK | ||
| 952 | |0 0 |1 0 |2 ddc |4 0 |6 338_400000000000000_M107 |7 0 |9 28358 |a 000001 |b 000001 |d 2023-12-22 |o 338.4 M107 |p MD.22082 |r 2023-12-22 |v 53000.00 |w 2023-12-22 |y BK | ||
| 980 | |a Thư viện Trường Đại học Nam Cần Thơ | ||